Villes européennes - Mort subite - Statistiques

Statistiques générales
  • Ce quiz a été pris 1 032 fois
    818 depuis la dernière actualisation
  • Le résultat moyen est 12 sur 30
Answers on the Grid
Answers color-coded by a green-red scale on the quiz's grid according to % correct below.
Berlin
Munich
Aix-la-Chapelle
Novi Sad
Kyiv
Lviv
Mahiliow
Moscou
Cracovie
Wrocław
Brno
Nitra
Banja Luka
Kranj
Milan
St. Paul's Bay
Nice
Angers
Valence
La Corogne
Manchester
Larissa
Cork
Stockholm
Tampere
Bergen
Riga
Viljandi
Telsiaï
Stefan Voda
Matad
Bombay
Konan
Oran
Alexandrie
Gambela
Johannesbourg
Ambriz
Fulacunda
Tijuana
Sucre
Laâyoune
St. John's
Koror
Sydney
Napier
Anabar
Buenos Aires
Arica
Spanish Town
Los Angeles
Broken Arrow
Nome
Calgary
Louisville
Vreed en Hoop
Biloxi
Billings
David
Dammam
 
Statistiques - réponses
Réponse % Correct
Munich
74%
Stockholm
74%
Berlin
73%
Milan
73%
Nice
73%
Angers
71%
Aix-la-Chapelle
70%
Cracovie
69%
Manchester
69%
Valence
69%
Moscou
68%
Riga
67%
Kyiv
50%
Lviv
45%
Wrocław
44%
Cork
43%
Bergen
42%
La Corogne
37%
Brno
36%
Novi Sad
21%
Tampere
17%
Banja Luka
11%
Kranj
9%
Larissa
9%
Viljandi
8%
Nitra
6%
Stefan Voda
6%
Telsiaï
5%
St. Paul's Bay
4%
Mahiliow
1%
Aucun quiz correspondant
Distribution des résultats
% des personnes avec chaque résultat
Percentile par nombre de réponses
Votre historique - résultats
Vous n’avez pas pris ce quiz depuis la dernière actualisation